Normal view
MARC view
Entry Personal Name
001 - CONTROL NUMBER
- control field: 15150
003 - CONTROL NUMBER IDENTIFIER
- control field: BD-RjUL
005 - DATE AND TIME OF LATEST TRANSACTION
- control field: 20250306121828.0
008 - FIXED-LENGTH DATA ELEMENTS
- fixed length control field: 250306|| aca||aabn | a|a d
040 ## - CATALOGING SOURCE
- Original cataloging agency: BD-RjUL
- Transcribing agency: BD-RjUL
100 ## - HEADING--PERSONAL NAME
- Personal name: Parry, Maurice
670 ## - SOURCE DATA FOUND
- Source citation: Work cat.: (BD-RjUL)53566: Miller, Arthur Austin, 1900- 160077, Everyday meteorology /, 1958[ Impression1961,1967]